Нормален изглед
MARC изглед
- Страшимиров, Антон Тодоров
Вход 01. Лично име
001 - Контролен номер на записа
- Контролно поле: 433131
003 - Код на организацията, даваща контролен номер
- Контролно поле: BLK
005 - Дата и час на последна промяна на записа
- Контролно поле: 20240730175929.0
008 - Данни с фиксирана дължина – обща информация
- Данни с фиксирана дължина : 200901|| aca||aabn | a|a d
100 ## - ИМЕ НА ЛИЦЕ -ПЪРВИЧНА ИНТЕЛЕКТУАЛНА ОТГОВОРНОСТ
- Лично име: Страшимиров, Антон Тодоров
- Дати, свързани с автора: 1872–1937
372 ## - Сфера на дейност
- Сфера на дейност: Български писател, драматург, публицист
942 ## - Системна служебна употреба
- Koha auth type: PERSO_NAME